000 00862nam a2200205Ia 4500
003 OSt
005 20250221152215.0
008 210210b2003 xxu||||| |||| 00| 0 eng d
040 _cAL
041 _aKannada
082 _aK894.8 SAMA
100 _aSAMAGRA DASA SAHITYA.
_9151200
_dಸಮಗ್ರ ದಾಸ ಸಾಹಿತ್ಯ
245 _aSamagra dasa sahitya: samputa; 33, kavi paramadeva mattu ithara advaita haridasara kirtanegalu.
_bಸಮಗ್ರ ದಾಸ ಸಾಹಿತ್ಯ : ಸಂಪುಟ ೩೩, ಕವಿ ಪರಮದೇವ ಮತ್ತು ಇತರ ಅದ್ವೈತ ಹರಿದಾಸರ ಕೀರ್ತನೆಗಳು
260 _aBengaluru
_bKannada mattu Samskrati Nirdeshanalalya
_c2003
300 _a66,440
650 _aDasa sahitya
_9151201
690 _aKannada Miscellaneous
_9151202
906 _a059410
942 _2ddc
_cBK
999 _c106290
_d106290